LEADER 01019nam0-2200325---450- 001 990009183410403321 005 20100702125833.0 010 $a0-691-08938-8 035 $a000918341 035 $aFED01000918341 035 $a(Aleph)000918341FED01 035 $a000918341 100 $a20100507d2002----km-y0itay50------ba 101 1 $aeng 102 $aUS 105 $ay-------001yy 200 1 $aArchitects of annihilation$eAuschwitz and the logic of destruction$fGotz Aly and Susanne Heim$gtranslated from the German by A. G. Blunden 210 $aPrinceton and Oxford$cPrinceton University Press$d2002 215 $a378 p.$d24 cm 610 0 $aCampi di concentramento tedeschi$aAuschwitz 676 $a940.5318$v21$zita 700 1$aAly,$bGötz$f<1947- > 701 1$aHeim,$bSusanne$0507789 801 0$aIT$bUNINA$gREICAT$2UNIMARC 901 $aBK 912 $a990009183410403321 952 $aXIV B 2167$b45511$fFSPBC 959 $aFSPBC 996 $aArchitects of annihilation$9779902 997 $aUNINA LEADER 01358nam--2200409---450- 001 990000983720203316 005 20100708091830.0 010 $a88-269-0041-8 035 $a0098372 035 $aUSA010098372 035 $a(ALEPH)000098372USA01 035 $a0098372 100 $a20020225d1992----km-y0itay0103----ba 101 $aita 102 $aIT 105 $a||||||||001yy 200 1 $aAgenti e rappresentanti$egli accordi economici collettivi e le norme sulla previdenza obbligatoria applicabili al rapporto di agenzia e rappresentanza commerciale$fMatteo Zerilli 210 $aMilano$cProfessione impresa$d1992 215 $aXI, 203 p$d24 cm 225 2 $aTemi 410 $12001$aTemi 606 0 $aAgenti di commercio$xLegislazione 606 0 $aRappresentanti di commercio$xLegislazione 676 $a344.4501761381 700 1$aZERILLI,$bMatteo$0552939 801 0$aIT$bsalbc$gISBD 912 $a990000983720203316 951 $aXXV.2.C. 405 (COLL. PFO 7)$b3055 EC$cXXV.2.C. 405 (COLL. PFO)$d00285147 959 $aBK 969 $aECO 979 $aPATTY$b90$c20020225$lUSA01$h1328 979 $aPATTY$b90$c20020325$lUSA01$h1144 979 $c20020403$lUSA01$h1740 979 $aPATRY$b90$c20040406$lUSA01$h1708 979 $aRSIAV2$b90$c20100708$lUSA01$h0918 996 $aAgenti e rappresentanti$9975552 997 $aUNISA